| 000 | 01218cad a22002415a 4500 | ||
|---|---|---|---|
| 001 | L147908 | ||
| 008 | 090701s2009 xxkbdo f s 000 0 eng d | ||
| 035 | _a(Sirsi) u147908 | ||
| 041 | 0 | _aeng | |
| 050 | 0 | 4 | _a333.33 $2 18 |
| 110 | 2 |
_aSavills Research _95211 |
|
| 245 | 0 | 0 |
_aUK Residential development land market _btaking stock, June 2009 _h[electronic resource] |
| 260 |
_aLondon _bSavills Research _c2009 |
||
| 490 | 0 |
_aSavills UK Residential Development Land Market _vJune 2009 |
|
| 520 | _aTakes stock of the UK residential development land market and forecasts market trends. Reports look at greenfield development land and urban lands values. Predicts that generally housebuilders will concentrate on building low risk sites with quick cash flows. Expects an improvement to land market values in 2010, particularly for serviced plots in the best locations. | ||
| 521 | _aAdvanced | ||
| 590 | _aKA NTK | ||
| 650 | 2 | 4 | _aSAVILLS UK RESIDENTIAL DEVELOPMENT LAND MARKET |
| 651 | 4 |
_aUnited Kingdom _y |
|
| 690 |
_aResidential property _96266 |
||
| 856 | 4 | 0 |
_uhttps://www.savills.co.uk/research/Report.aspx?nodeID=10602# _zView the report free of charge (after registration) at www.savills.co.uk... |
| 942 | _n0 | ||
| 999 |
_c109779 _d109779 |
||